000 00958nam a22002531u 4500
001 12302
003 HDC
007 cr bn ---
008 210209p2004 my eng
040 _aHDC
100 _aSamsudin Ahmad,
_eauthor
_912813
245 0 _aDrying characteristics of kenaf for animal feed using laboratory and commercial dryers /
_cby Samsudin Ahmad, Ab. Aziz Ibrahim, Shafie Alwi and Othman Omar
260 _aSerdang :
_bMalaysian Agricultural Research and Development Institute (MARDI),
_c2004
300 _a2 pages
336 _atext
_2rdacontent
337 _acomputer
_2rdamedia
338 _aonline resource
_2rdacarrier
650 _aDrying characteristic
_912837
650 _aKenaf
_912740
856 _zRequest full-text at [email protected]
942 _2lcc
942 _cAR
942 _kJART 003092
999 _c9625
_d9625